Football - Ont-ils une Ligue des Champions? (Mort subite) - Statistiques

Statistiques générales
  • Ce quiz a été pris 11 319 fois
  • Le résultat moyen est 6 sur 16
Answers on the Grid
Answers color-coded by a green-red scale on the quiz's grid according to % correct below.
Eduardo Camavinga
Ronaldo Nazario
Neymar Jr.
Cristiano Ronaldo
Olivier Giroud
Kylian Mbappe
Zlatan Ibrahimovic
Eric Cantona
Diego Maradona
Erling Haaland
Lilian Thuram
Sir Bobby Charlton
Pelé
Sergio Busquets
Roberto Baggio
Lionel Messi
Andres Iniesta
Gianluigi Buffon
Phillipe Coutinho
Fabio Cannavaro
Thierry Henry
Samuel Eto'o
Francesco Totti
Pavel Nedved
Maicon
Rodrygo
Dennis Bergkamp
Sergio Agüero
Lucas Hernandez
Benjamin Pavard
Gonzalo Higuain
Ruud van Nistelrooy
 
Statistiques - réponses
Réponse % Correct
Lionel Messi
60%
Neymar Jr.
57%
Cristiano Ronaldo
56%
Andres Iniesta
51%
Erling Haaland
49%
Rodrygo
49%
Eduardo Camavinga
48%
Sergio Busquets
48%
Samuel Eto'o
41%
Lucas Hernandez
38%
Olivier Giroud
35%
Thierry Henry
34%
Benjamin Pavard
33%
Phillipe Coutinho
21%
Maicon
12%
Sir Bobby Charlton
9%
Aucun quiz correspondant
Distribution des résultats
% des personnes avec chaque résultat
Percentile par nombre de réponses
Votre historique - résultats
Vous n’avez pas pris ce quiz